<?xml version="1.0" encoding="UTF-8"?><?xml-stylesheet type="text/xsl" href="static/style.xsl"?><OAI-PMH xmlns="http://www.openarchives.org/OAI/2.0/" xmlns:xsi="http://www.w3.org/2001/XMLSchema-instance" xsi:schemaLocation="http://www.openarchives.org/OAI/2.0/ http://www.openarchives.org/OAI/2.0/OAI-PMH.xsd"><responseDate>2026-04-14T11:55:57Z</responseDate><request verb="GetRecord" identifier="oai:uvadoc.uva.es:10324/76561" metadataPrefix="marc">https://uvadoc.uva.es/oai/request</request><GetRecord><record><header><identifier>oai:uvadoc.uva.es:10324/76561</identifier><datestamp>2025-07-21T19:04:42Z</datestamp><setSpec>com_10324_38</setSpec><setSpec>col_10324_852</setSpec></header><metadata><record xmlns="http://www.loc.gov/MARC21/slim" xmlns:doc="http://www.lyncode.com/xoai" xmlns:xsi="http://www.w3.org/2001/XMLSchema-instance" xmlns:dcterms="http://purl.org/dc/terms/" xsi:schemaLocation="http://www.loc.gov/MARC21/slim http://www.loc.gov/standards/marcxml/schema/MARC21slim.xsd">
<leader>00925njm 22002777a 4500</leader>
<datafield tag="042" ind1=" " ind2=" ">
<subfield code="a">dc</subfield>
</datafield>
<datafield tag="720" ind1=" " ind2=" ">
<subfield code="a">Montero Bernal, Alba</subfield>
<subfield code="e">author</subfield>
</datafield>
<datafield tag="260" ind1=" " ind2=" ">
<subfield code="c">2025</subfield>
</datafield>
<datafield tag="520" ind1=" " ind2=" ">
<subfield code="a">La presente propuesta didáctica se enfoca en el desarrollo de la inteligencia emocional en niños de Educación Infantil, utilizando la Educación Artística y las rutinas de Pensamiento Visible como herramientas principales. El objetivo general es facilitar que los niños identifiquen, comprendan y expresen sus emociones a través de actividades artísticas, promoviendo además la autorregulación emocional y la reflexión. Durante siete sesiones, se diseñaron y aplicaron ejercicios que fomentaron la exploración emocional, la creatividad y la confianza en el aula, integrando también la figura de la artista Yayoi Kusama como inspiración. Se utilizaron cuestionarios cualitativos, diarios de viaje y observaciones para evaluar el impacto de la propuesta. Aunque el tiempo limitado y algunas dificultades logísticas supusieron un reto, los resultados evidencian la importancia de trabajar las emociones desde edades&#xd;
tempranas y de incorporar espacios específicos para la expresión emocional en el aula.</subfield>
</datafield>
<datafield tag="024" ind2=" " ind1="8">
<subfield code="a">https://uvadoc.uva.es/handle/10324/76561</subfield>
</datafield>
<datafield tag="245" ind1="0" ind2="0">
<subfield code="a">Diseño de una propuesta educativa basada en la Educación Artística como herramienta para el desarrollo emocional y el Pensamiento Visible en Educación Infantil.</subfield>
</datafield>
</record></metadata></record></GetRecord></OAI-PMH>